000
00316nam a2200121Ia 4500
005
20251222154350.0
008
251222s9999||||xx |||||||||||||| ||spa||
020
_a
84-206-4212-6
082
_a
336.343.5/M26
100
_a
"Marichal, Carlos"
245
0
_a
Historia de la deuda externa de América Latina
942
_c
LIB
999
_c
34880
_d
34880